Between equalization and marginalization : women working part-time in Europe and the United States of America
Αποθηκεύτηκε σε:
| Άλλοι συγγραφείς: | , |
|---|---|
| Μορφή: | Βιβλίο |
| Γλώσσα: | English |
| Δημοσίευση: |
Oxford ; : New York :
Oxford University Press,
2004
|
| Θέματα: | |
| Ετικέτες: |
Προσθήκη ετικέτας
Δεν υπάρχουν, Καταχωρήστε ετικέτα πρώτοι!
|
MARC
| LEADER | 00000nam a2200000 i 4500 | ||
|---|---|---|---|
| 001 | 1/66079 | ||
| 008 | 041119s2004 eng d | ||
| 020 | |a 0-19-828086-6 | ||
| 035 | |l 10075334 | ||
| 040 | |a GR-MY-UA |b gre |e aacr | ||
| 041 | 0 | |a eng | |
| 082 | 0 | |a 331.42572 |2 (21) | |
| 245 | 1 | 0 | |a Between equalization and marginalization : |b women working part-time in Europe and the United States of America / |c edited by Hans-Peter Blossfeld and Catherine Hakim |
| 260 | |a Oxford ; : |a New York : |b Oxford University Press, |c 2004 | ||
| 300 | |a 333 p.; |c ill.+ |e 24 cm | ||
| 650 | 0 | 0 | |a Work and family |z Europe. |
| 650 | 0 | 0 | |a Work and family |z United States. |
| 650 | 0 | 0 | |a Women |x Employment |z Europe. |
| 650 | 0 | 0 | |a Women |x Employment |z United States. |
| 650 | 0 | 0 | |a Part-time employment |z Eyrope. |
| 650 | 0 | 0 | |a Part-time employment |z United States. |
| 650 | 0 | 0 | |a Sexual division of labor |z Europe. |
| 650 | 0 | 0 | |a Sexual division of labor |z United States. |
| 700 | 1 | |a Blossfeld, Hans-Peter. |4 edt | |
| 700 | 1 | |a Hakim, Catherine. |4 edt |4 edt | |
| 852 | |a INST |b RHODES |e 20041119 |h 331.42572 BET |p 005400017995 |q 005400017995 |t BK |y 0 | ||
| 901 | |a BIBL4-2004-3 | ||
| 909 | |a Ρ |b 116440 | ||
| 922 | |a 4ΕΛΗ |b 200402 |c ΕΠΕΑΕΚ2/ΤΕΠΑΕΣ |d ΜΙΧΑΛΟΠΟΥΛΟΣ | ||
| 950 | |a 096-2004-06-17 | ||
| 970 | |a ΧΟΡΟΖΙΔΟΥ |b ΤΖΕΝΗ |z 2004/11/26 | ||